History Quiz

Random History or Discovery Quiz

Initially Yours: History Quiz Stats

 Plays Quiz Updated Dec 31, 2018

Support Sporcle.
Go Orange.
Score 0/60 Timer 09:00
5 Plays Today
% Correct
George Washington
94.3%
Neil Armstrong
88%
Franc
85.4%
Rhode Island
85%
South Carolina
83.6%
New Zealand
83.4%
Pennsylvania
82.2%
Delaware
82%
Christopher Columbus
78%
Martin Luther King Jr.
77.6%
Connecticut
77%
Buzz Aldrin
74.8%
Victoria
73.5%
Crimean War
71.1%
Alexander Hamilton
68.8%
Lira
67.8%
Benjamin Franklin
65.9%
Hanging Gardens of Babylon
65.5%
Abraham Lincoln
63.5%
William the Conqueror
61.1%
Wars of the Roses
59%
Barack Obama
58.4%
Great Pyramid of Giza
57.9%
Yugoslavia
55.6%
Richard the Lionheart
55%
Deutsche Mark
52.9%
Ferdinand Magellan
52.4%
Vasco da Gama
50.8%
Hundred Years' War
47.8%
William and Mary
47%
% Correct
Colossus of Rhodes
45.5%
Nelson Mandela
44.1%
Sacagawea
44.1%
Kofi Annan
42.7%
Winston Churchill
42.3%
Ban Ki-Moon
41.3%
Amerigo Vespucci
35.9%
Henry Hudson
35.6%
Costa Rica
34.3%
Lighthouse of Alexandria
34%
Statue of Zeus
33.2%
Richard Nixon
33.2%
Boutros Boutros-Ghali
26.8%
Lady Jane Grey
25.1%
El Salvador
23.3%
Mother Teresa
22.8%
U Thant
22.7%
Guilder
22.7%
You
21.9%
Spanish Civil War
20.4%
Joseph Stalin
20.2%
Syria
19.6%
Alan Shepard
17%
United Nations
15.7%
Schilling
14.6%
Kurt Waldheim
14.5%
Six Day War
13.3%
Mark Zuckerberg
9.9%
Alan Bean
5.6%
Pete Conrad
4.9%

You're not logged in!

Compare scores with friends on all Sporcle quizzes.
OR
Log In
Forgot?

From the Vault

Movies by Prank

by jar514

Movies 5m
Don't get any ideas...
Remove Ads.
Support Sporcle.
Get the best of Sporcle when you Go Orange. This ad-free experience offers more features, more stats, and more fun while also helping to support Sporcle. Thank you for becoming a member.

Show Comments

Extras

Top Quizzes Today


Score Distribution

Your Account Isn't Verified!

In order to create a playlist on Sporcle, you need to verify the email address you used during registration. Go to your Sporcle Settings to finish the process.

Report this User

Report this user for behavior that violates our Community Guidelines.

Details: